| Tag |
First Indicator |
Second Indicator |
Subfields |
| LEADER |
00000cam a2200000 4500 |
| 001 |
in00000081741 |
| 005 |
20151008054134.0 |
| 008 |
810824s1961 it d 00000 ita |
| 010 |
|
|
|a 61031385
|
| 035 |
|
|
|a (OCoLC)07697634
|
| 035 |
|
|
|9 AAH9755AM
|
| 040 |
|
|
|a DLC
|c RCE
|d TXA
|d UtOrBLW
|
| 049 |
|
|
|a TXAM
|c [1802335]
|
| 050 |
0 |
0 |
|a B44
|b .A2
|
| 100 |
1 |
|
|a Abbagnano, Nicola,
|d 1901-1990.
|
| 245 |
1 |
0 |
|a Dizionario di filosofia /
|c Nicola Abbagnano.
|
| 264 |
|
1 |
|a Torino :
|b Unione tipografico-editrice torinese,
|c 1961.
|
| 300 |
|
|
|a xii, 905 pages ;
|c 27 cm.
|
| 336 |
|
|
|a text
|b txt
|2 rdacontent
|
| 337 |
|
|
|a unmediated
|b n
|2 rdamedia
|
| 338 |
|
|
|a volume
|b nc
|2 rdacarrier
|
| 650 |
|
0 |
|a Philosophy
|v Dictionaries
|x Italian.
|
| 999 |
|
|
|a MARS
|
| 999 |
f |
f |
|s 282d357f-6dc2-3d2f-8671-0904bf4dc11f
|i 6c0559de-5301-381a-a2b8-dc63851fcfb7
|t 0
|
| 952 |
f |
f |
|p ric
|a Texas A&M University
|b Rellis Campus
|c Joint Library Facility
|d Remote Storage
|t 0
|e B44 .A2
|h Library of Congress classification
|i unmediated -- volume
|m A14806075555
|
| 998 |
f |
f |
|a B44 .A2
|t 0
|l Remote Storage
|